|
|
|
|
| LEADER |
01105cam a2200265 a 4500 |
| 003 |
GR-PaULI |
| 005 |
20210914085828.0 |
| 008 |
010713s2002 maua f 001 0 eng d |
| 020 |
|
|
|a 0072513810
|
| 020 |
|
|
|a 9780071204811
|
| 040 |
|
|
|a DLC
|b gre
|c DLC
|d DLC
|d GR-AiPI
|e AACR2
|
| 082 |
0 |
4 |
|a 005.133
|2 23
|
| 100 |
1 |
|
|a Bradley, Julia Case.
|9 168793
|e συγγραφέας
|
| 245 |
1 |
0 |
|a Programming in Visual Basic version 6.0 /
|c Julia Case Bradley, Anita C. Millspaugh.
|
| 250 |
|
|
|a Update edition.
|
| 260 |
|
|
|a Boston :
|b McGraw-Hill Irwin,
|c c2002.
|
| 300 |
|
|
|a xx, 694 σ. :
|b σχ. ;
|c 28 εκ.
|
| 500 |
|
|
|a Περιλαμβάνει ευρετήριο.
|
| 650 |
|
4 |
|a BASIC (Γλώσσα προγραμματισμού)
|9 12093
|
| 650 |
|
4 |
|a Microsoft Visual BASIC
|9 22494
|
| 700 |
1 |
|
|a Millspaugh, A. C.
|q (Anita C.)
|9 168796
|e συγγραφέας
|
| 942 |
|
|
|2 ddc
|c BK15
|
| 952 |
|
|
|0 0
|1 0
|2 ddc
|4 0
|6 005_133000000000000_BRA
|7 0
|9 222002
|a LISA
|b LISA
|c BSC
|d 2018-05-10
|i 13621
|l 0
|o 005.133 BRA
|p 026000279499
|r 2018-05-10 00:00:00
|t 1
|w 2018-05-10
|y BK15
|
| 998 |
|
|
|c ΛΟΥΚΟΠΟΥΛΟΥ
|d 2018-05
|
| 999 |
|
|
|c 134160
|d 134160
|